| 000 | 01279nam a2200217 i 4500 | ||
|---|---|---|---|
| 001 | 170857 | ||
| 003 | ES-MaACL | ||
| 005 | 20250713080434.0 | ||
| 008 | 090413s1875 sp |||| | spa d | ||
| 100 | 1 |
_aAza, Vital, _d1851-1912 _924210 |
|
| 245 | 1 | 3 |
_aEl autor del crímen _b: juguete cómico en un acto y en prosa / _coriginal de Vital Aza. |
| 260 |
_aMadrid : _b[s.n.], _c1875 ( _fImp. de José Rodríguez) |
||
| 300 |
_a28 p. ; _c19 cm. |
||
| 500 | _aEn port.: Representación por primera vez en el teatro de Variedades el día 12 de abril de 1875. | ||
| 500 | _a"Administración lírico-dramática"--Cubierta. | ||
| 530 | _aDisponible en formato digital. | ||
| 852 | 1 |
_aBA _jF-8562(10)- Enc. pasta española _q.- Falto de la cub. original _z.- Enc. en un vol. factico, formando parte de la col. facticia "Teatro español moderno", vol. 14 _z.- Firma manuscrita de Gustavo Saenz Diez, 1878 |
|
| 852 |
_aES-MaACL _jF-8562(12) _zEnc. pasta española _q.- Falto de la cub. original _z.- Enc. en un vol. facticio formando parte de la col. facticia "Teatro español moderno", vol. 14 _z.- Dedicatoria manuscrita del autor a Antonio Sánchez Pérez |
||
| 856 |
_uhttp://bdh-rd.bne.es/viewer.vm?id=0000096031&page=1 _zBiblioteca Digital Hispánica |
||
| 999 |
_c170857 _d170857 |
||